Jaworzno - quiz wielokrotnego wyboru - Statystyki

Ogólne statystyki
  • Ten quiz został rozwiązany 33 razy
  • Średni wynik to 7 z 10
Statystyki odpowiedzi
Zagadnienie Odpowiedź % Poprawnych
Jak nazywa się największa stacja kolejowa w Jaworznie? Jaworzno Szczakowa
97%
Jaki gatunek drzewa występuje na herbie Jaworzna? Klon jawor
97%
Jak nazywa się park w mieście, który kiedyś był kamieniołomem? Park Gródek
97%
Jak nazywa się zalew w Jaworznie? Sosina
87%
Jaka rzeka wyznacza zachodnią granicę miasta? Przemsza
80%
Na jakim historycznym regionie leży Jaworzno? Małopolska
70%
Który z tych obiektów NIE leży w tym okręgu przemysłowym? Euroterminal Sławków
63%
Jak nazywa się rezerwat przyrody w Jaworznie? Dolina Żabnika
47%
Które z tych czeskich miast jest miastem partnerskim Jaworzna? Karwina
30%
W jakim okręgu przemysłowym znajduję się Jaworzno? Jaworznicko-Chrzanowski Okręg Przemysłowy
27%
Nie znaleziono quizów pasujących do podanych kryteriów
Rozkład punktacji
Procent ludzi z każdym wynikiem
Percentyl według liczby udzielonych odpowiedzi
Twoja historia wyników
Nie rozwiązałeś tego quizu